000 00414nam a2200181Ia 4500
001 17142
005 20260306170403.0
008 260306t2002||||xx |||||||||||||| ||und||
041 _aESP
082 _a657.48
_bA59
100 _aEspinoza S., Andrade
_eAUT
245 0 _aCostos y presupuestos
260 _c2002
300 _a490 páginas :
_c
650 _aGEN
654 _aCCO
942 _cLIB
_dJUS
_fJUS
_2ddc
_n
999 _c17142
_d17142